000 00791nab a2200253 u 4500
001 20386
003 HDC
007 cr bn ---aaaaa
008 210305c mydr|nes 0 a eng d
040 _aHDC
245 0 _aMaybank Islamic umum dana wakaf RM20 juta
260 _aMalaysia :
_bUTUSAN MALAYSIA ,
_c2014
300 _a2 pages
336 _atext
_2rdacontent
337 _acomputer
_2rdamedia
338 _aonline resource
_2rdacarrier
650 _aIslamic banking
_9270
650 _awaqf finance
_918434
710 _aUTUSAN MALAYSIA
856 _zRequest full-text at [email protected]
942 _2lcc
942 _cNEWS
942 _kNWSC 010240
999 _c17702
_d17702